Mathematical modeling and numerical techniques in drying technology

Guardat en:
Dades bibliogràfiques
Autors principals: Turner, Ian (Autor), Mujumdar, Arun S. (Autor)
Format: Llibre
Idioma:anglès
Publicat: Nueva York Marcel Drekker 1997
Matèries:
Etiquetes: Afegir etiqueta
Sense etiquetes, Sigues el primer a etiquetar aquest registre!

MARC

LEADER 00000nam a2200000 a 4500
001 UCN0138
003 CL-VaPUC
008 010316e19970000US |||||||||||||||||eng|d
082 0 4 |a 660.284  |b TUR  |2 21 
100 0 |a Turner, Ian  |e author  |9 455440 
700 |a Mujumdar, Arun S.  |e author  |9 561311 
245 1 0 |a Mathematical modeling and numerical techniques in drying technology 
300 |a 679 p 
942 |c BK 
945 |d 20010316 00:00:00  |a cmena 
260 |a Nueva York  |b Marcel Drekker  |c 1997 
650 0 |a Deshidratación  |9 365480 
650 0 |a Secado  |9 331351 
650 7 |a TECNOLOGIA DE ALIMENTOS  |2 CL-VaPUC  |9 455442 
650 0 |a Modelos matemáticos   |9 259437 
583 |a last modification  |c 20130306 12:35:14  |k Rodrigo Vera 
999 |c 294077  |d 294075 
952 |0 0  |1 0  |2 ddc  |4 0  |6 660_284000000000000_TUR_1997  |7 0  |8 A  |9 345924  |a BIBALI  |b BIBALI  |c GEN  |d 2019-11-20  |i 3692248  |o 660.284 TUR 1997  |p 3692248  |r 2025-01-20  |w 2019-11-20  |y BK  |k ALI 
952 |0 0  |1 0  |4 0  |6 660_284000000000000_TUR_1997  |7 0  |8 A  |9 345925  |a BIBALI  |b BIBALI  |c GEN  |d 2019-11-20  |i 4172043  |o 660.284 TUR 1997  |p 4172043  |r 2025-01-20  |w 2019-11-20  |y BK  |k ALI